<?xml version="1.0" encoding="UTF-8"?>
<marc:record xmlns:marc="http://www.loc.gov/MARC21/slim">
   <marc:leader>00000nam a2200000 a 4500</marc:leader>
   <marc:datafield ind1="1" ind2=" " tag="100">
      <marc:subfield code="a">Pattakos, Alex</marc:subfield>
      <marc:subfield code="4">aut</marc:subfield>
      <marc:subfield code="e">Verfasser/-in</marc:subfield>
   </marc:datafield>
   <marc:datafield ind1="1" ind2=" " tag="100">
      <marc:subfield code="a">Pattakos, Alex</marc:subfield>
   </marc:datafield>
   <marc:datafield ind1=" " ind2=" " tag="653">
      <marc:subfield code="a">Frankl</marc:subfield>
   </marc:datafield>
   <marc:datafield ind1=" " ind2=" " tag="653">
      <marc:subfield code="a">Viktor E.</marc:subfield>
   </marc:datafield>
   <marc:datafield ind1=" " ind2=" " tag="653">
      <marc:subfield code="a">Lebensführung</marc:subfield>
   </marc:datafield>
   <marc:datafield ind1=" " ind2=" " tag="653">
      <marc:subfield code="a">Logotherapie</marc:subfield>
   </marc:datafield>
   <marc:datafield ind1="0" ind2="0" tag="245">
      <marc:subfield code="a">Gefangene unserer Gedanken</marc:subfield>
   </marc:datafield>
   <marc:datafield ind1="0" ind2="0" tag="245">
      <marc:subfield code="b">Viktor Frankls 7 Prinzipien, die Leben und Arbeit Sinn geben</marc:subfield>
   </marc:datafield>
   <marc:datafield ind1="0" ind2="0" tag="245">
      <marc:subfield code="c">Alex Pattakos. Aus dem Amerikan. vin Brigitte Döbert</marc:subfield>
   </marc:datafield>
   <marc:datafield ind1=" " ind2="1" tag="264">
      <marc:subfield code="a">Wien</marc:subfield>
      <marc:subfield code="b">Linde</marc:subfield>
      <marc:subfield code="c">2011</marc:subfield>
   </marc:datafield>
   <marc:datafield ind1="1" ind2=" " tag="490">
      <marc:subfield code="a">Linde international</marc:subfield>
   </marc:datafield>
   <marc:datafield ind1=" " ind2=" " tag="250">
      <marc:subfield code="a">2., erg. und aktualisierte Aufl.</marc:subfield>
   </marc:datafield>
   <marc:datafield ind1="1" ind2=" " tag="520">
      <marc:subfield code="a">Angaben aus der Verlagsmeldung

Gefangene unserer Gedanken : Viktor Frankls 7 Prinzipien, die Leben und Arbeit Sinn geben / von Alex Pattakos

Motivation durch Sinn

Jeder dritte Arbeitnehmer hat innerlich bereits gekündigt: Konflikte, Frust und mangelnde Motivation sind die Folge. Die Ursachen sind nicht nur im falschen Führungsverhalten des Top-Managements zu suchen, sondern auch bei jedem Einzelnen: Das Fehlen von Sinn führt zu Leistungseinbußen, psychosomatischen Beschwerden und allgemeiner Unzufriedenheit.

Viktor Frankl, der Begründer der Dritten Wiener Richtung der Psychotherapie bzw. Logotherapie stellte die Suche nach dem Sinn in den Mittelpunkt seines Lebenswerkes. Alex Pattakos überträgt Frankls Gedankengut auf die Arbeitswelt und lädt den Leser ein, ihm auf der Suche nach dem Sinn zu folgen. Er zeigt, wie es gelingt, nicht mehr Gefangener negativer Gedanken zu sein, sondern eingefahrene Muster zu überdenken, eigene Widerstände gegen Veränderungen zu überwinden und damit die Tür zu einem tieferen Sinn aufzustoßen. Die zweite überarbeitet Auflage enthält einige neue Fallbeispiele. Außerdem wurde ein weiteres Kapitel hinzugefügt: „The Meaning Difference“, das Forschungsergebnisse darüber beinhaltet, wie sehr das Vorhandensein von Sinn das Leben von Menschen verbessern kann.
</marc:subfield>
   </marc:datafield>
   <marc:datafield ind1=" " ind2=" " tag="020">
      <marc:subfield code="a">9783709303443</marc:subfield>
      <marc:subfield code="9">9783709303443</marc:subfield>
   </marc:datafield>
   <marc:datafield ind1=" " ind2=" " tag="020">
      <marc:subfield code="a">3709303443</marc:subfield>
      <marc:subfield code="9">3709303443</marc:subfield>
   </marc:datafield>
   <marc:datafield ind1=" " ind2=" " tag="041">
      <marc:subfield code="a">ger</marc:subfield>
   </marc:datafield>
   <marc:datafield ind1=" " ind2=" " tag="300">
      <marc:subfield code="a">239 S.</marc:subfield>
   </marc:datafield>
</marc:record>
